|
|
|
|
| LEADER |
01117nam a2200277 a 4500 |
| 001 |
13677048 |
| 003 |
BD-DhAAL |
| 008 |
090720s2005 nyua 001 0 eng d |
| 010 |
|
|
|a \\\2004018328
|
| 020 |
|
|
|a 0814472680 (pbk.)
|
| 040 |
|
|
|a DLC
|c DLC
|d DLC
|d BD-DhAAL
|
| 082 |
0 |
0 |
|a 658.3/124
|2 22
|
| 100 |
1 |
|
|a Charney, Cyril
|9 55499
|
| 245 |
1 |
4 |
|a The trainer's tool kit /
|c Cyril Charney and Kathy Conway.
|
| 250 |
|
|
|a Second edition.
|
| 260 |
|
|
|a New York :
|b AMACOM,
|c c2005.
|
| 300 |
|
|
|a ix, 230 pages :
|b illustrations ;
|c 23 cm.
|
| 500 |
|
|
|a Includes index.
|
| 526 |
|
|
|x Sr. program Associate
James P. Grant School.
Course name and no. N/A
|
| 541 |
1 |
|
|a Book view
|e 00018413
|
| 650 |
|
0 |
|a Employees
|x Training of
|v Handbooks, manuals, etc.
|9 55500
|
| 700 |
1 |
|
|a Conway, Kathy.
|9 55501
|
| 852 |
4 |
|
|a School of Public Health.
|
| 942 |
|
|
|2 ddc
|c BK
|
| 999 |
|
|
|c 2655
|d 2655
|
| 952 |
|
|
|0 0
|1 0
|2 ddc
|4 0
|6 658_312400000000000_CHA
|7 0
|9 2438
|a JPGSPH
|b JPGSPH
|d 2009-07-22
|e Book View
|g 1650.00
|l 0
|o 658.3124 CHA
|p 3060018413
|r 2009-07-22
|t 1
|y BK
|x Requisitioned by Salim khan, Sr. program Associate, James P. Grant School. Course name and no. N/A
|